L'Histoire en 10 questions #4 - Statistiques

Statistiques générales
  • Ce quiz a été pris 54 fois
  • Le résultat moyen est 4 sur 10
Statistiques - réponses
Hint Réponse % Correct
En quelle année a eu lieu le débarquement en Normandie ? 1944
98%
Quel empire sud-américain avait pour capitale Cuzco avant la conquête espagnole ? L’Empire inca
86%
Quelle guerre a opposé les Grecs et les Troyens selon Homère ? Guerre de Troie
59%
Quel est le nom du dieu principal dans la mythologie égyptienne, souvent représenté avec une tête de faucon ?
49%
Quel royaume africain médiéval avait pour capitale Tombouctou et a connu son apogée sous Mansa Moussa ? Mali
35%
Comment s'appelle le document signé en 1215 en Angleterre limitant les pouvoirs du roi ? Magna Carta
16%
Quel peuple a inventé l’écriture cunéiforme ? Sumériens
16%
Quel empire a dominé l’Inde entre le XVIe et le XVIIIe siècle et a été fondé par Babur ? L'Empire Moghol
14%
Quel shogunat a dirigé le Japon de 1603 à 1868, marquant une longue période de paix et d’isolement ? Tokugawa
8%
Quel empire d’Asie du Sud-Est a dominé une grande partie de l’Indonésie et du commerce maritime au XVe siècle avec sa capitale à Malacca ? L'Empire Malais de Malacca
0%
Aucun quiz correspondant
Distribution des résultats
% des personnes avec chaque résultat
Percentile par nombre de réponses
Votre historique - résultats
Vous n’avez pas pris ce quiz